00399 a2200157 4500260001000000100002800010260000900038260001300047245010800060300001000168650002000178260000900198300000900207130000700216020001800223 aParis aLEVY-RANVOISY, Francine bACCT bKARTHALA aManuel de dessin pour communiquer avec une population non alphabétisée : la perspective orthogonale a186p. aALPHABETISATION c1987 bill. lFr a2-86537-180-8